Concepts of Modern Physics (Sixth Edition) (Record no. 531126)
[ view plain ]
| 000 -LEADER | |
|---|---|
| fixed length control field | 00326nam a2200121Ia 4500 |
| 008 - FIXED-LENGTH DATA ELEMENTS--GENERAL INFORMATION | |
| fixed length control field | 191014s9999 xx 000 0 und d |
| 082 ## - DEWEY DECIMAL CLASSIFICATION NUMBER | |
| Classification number | 539 |
| Author Mark | BEI |
| 100 ## - MAIN ENTRY--PERSONAL NAME | |
| Personal name | Arthur Beiser |
| 9 (RLIN) | 23977 |
| 245 #0 - TITLE STATEMENT | |
| Title | Concepts of Modern Physics (Sixth Edition) |
| 260 ## - PUBLICATION, DISTRIBUTION, ETC. | |
| Place of publication, distribution, etc. | Pakistan |
| Name of publisher, distributor, etc. | National Books Fundation |
| 300 ## - PHYSICAL DESCRIPTION | |
| Extent | Xiii,542 |
| 942 ## - ADDED ENTRY ELEMENTS (KOHA) | |
| Koha item type | Book |
| Withdrawn status | Lost status | Damaged status | Not for loan | Permanent Location | Current Location | Date acquired | Source of acquisition | Cost, normal purchase price | Total Checkouts | Full call number | Barcode | Checked out | Date last seen | Date last checked out | Price effective from | Koha item type |
|---|---|---|---|---|---|---|---|---|---|---|---|---|---|---|---|---|
| School of Natural Sciences (SNS) | School of Natural Sciences (SNS) | 10/15/2019 | Donation | 0.00 | 1 | 539BEI | SNS0002903 | 03/18/2021 | 11/18/2020 | 11/18/2020 | 10/15/2019 | Book |
